The romans : level 3 /
Guardado en:
| Autor Principal: | |
|---|---|
| Formato: | Libro |
| Publicado: |
China :
Pearson education
|
| Series: | Penguin Active Reading
|
| Materias: | |
| Etiquetas: |
Agregar Etiqueta
Sin Etiquetas, Sea el primero en etiquetar este registro!
|
| LEADER | 00785nam a22002535a 4500 | ||
|---|---|---|---|
| 001 | CEM.cems012706 | ||
| 005 | 20070925153737.0 | ||
| 008 | 130507b######################000#0#####d | ||
| 003 | CEMS | ||
| 020 | |a 9781405850728 | ||
| 082 | 0 | 4 | |a CD937 |
| 100 | 1 | |a Maule, David | |
| 245 | 1 | 0 | |a The romans : |b level 3 / |c David Maule |
| 260 | |a China : |b Pearson education | ||
| 300 | |a 1 CD-ROM | ||
| 490 | 0 | |a Penguin Active Reading | |
| 500 | |a Requerimientos de sistema: Windows 2000/xp -- Pentium 350mhz -- 128 Mb Ram | ||
| 505 | 0 | |a 1200 headwords pre-intermediate. | |
| 653 | |a Inglés | ||
| 653 | |a Inglés-actividades | ||
| 653 | |a Inglés-textos | ||
| 653 | |a Inglés-historia antigua | ||
| 653 | |a Inglés-historia romana | ||
| 859 | |a CEMS |b BIB. CEMS - 11 de abril |h CD937 |i M443 |p 2159.44 |t Ej.1 |v 1 |3 1 | ||
